[Event "Primorsko op"]
[White "Kolev, Nikola"]
[Black "Todev, Simeon"]
[Site "Primorsko"]
[Round "9"]
[Result "0-1"]
[Date "2020.09.22"]
[WhiteElo "1870"]
[BlackElo "1993"]
[PlyCount "58"]
[EventDate "2020.09.14"]
[EventType "swiss"]
[EventRounds "9"]
[EventCountry "BUL"]
[SourceTitle "CBM 198 Extra"]
[Source "ChessBase"]
[SourceDate "2020.11.30"]
[SourceVersion "1"]
[SourceVersionDate "2020.11.30"]
[SourceQuality "1"]

1. c4 e5 2. Nc3 Nc6 3. d3 Bb4 4. Bd2 Bxc3 5. Bxc3 d6 6. Nf3 f5 7. e3 Nf6 8. Be2 0-0 9. 0-0 Qe8 10. b4 Qg6 11. b5 Ne7 12. Qc2 f4 13. exf4 exf4 14. Nd4 Nf5 15. Nxf5 Bxf5 16. Rad1 Rae8 17. Rfe1 Ng4 18. Bf3 Rxe1+ 19. Rxe1 Ne5 20. Bd5+ Kh8 21. f3 Bxd3 22. Qf2 c6 23. bxc6 bxc6 24. Be4 Bxe4 25. fxe4 f3 26. Bd4 Ng4 27. Qg3 f2+ 28. Kf1 fxe1Q+ 29. Kxe1 Qxe4+ 0-1

[Event "Primorsko op"]
[White "Kostov, Deyan Samuil"]
[Black "Kolev, Nikola"]
[Site "Primorsko"]
[Round "2"]
[Result "1/2-1/2"]
[Date "2020.09.15"]
[WhiteElo "2140"]
[BlackElo "1870"]
[PlyCount "95"]
[EventDate "2020.09.14"]
[EventType "swiss"]
[EventRounds "9"]
[EventCountry "BUL"]
[SourceTitle "CBM 198 Extra"]
[Source "ChessBase"]
[SourceDate "2020.11.30"]
[SourceVersion "1"]
[SourceVersionDate "2020.11.30"]
[SourceQuality "1"]

1. e4 c5 2. Nf3 g6 3. d4 cxd4 4. Qxd4 Nf6 5. Bb5 a6 6. Ba4 b5 7. Bb3 Nc6 8. Qd3 Bg7 9. Nc3 Bb7 10. h3 0-0 11. 0-0 d6 12. Nd5 Nd7 13. c3 Nc5 14. Qe2 e6 15. Nf4 Nxb3 16. axb3 Qc7 17. Be3 Ne7 18. Nd2 d5 19. exd5 Nxd5 20. Nxd5 Bxd5 21. c4 bxc4 22. bxc4 Bc6 23. Rab1 a5 24. Rfd1 Rfb8 25. b3 Rb7 26. Qd3 Rd8 27. Qc2 Qb8 28. Bg5 Rc8 29. h4 Rb4 30. Qd3 Qb7 31. f3 h6 32. Be3 Qe7 33. Bf2 f5 34. Qe3 Rd8 35. Nf1 Rxd1 36. Rxd1 a4 37. bxa4 Bxa4 38. Re1 Rxc4 39. Qxe6+ Qxe6 40. Rxe6 Kf7 41. Re1 Bd4 42. Ne3 Rc6 43. Nd5 Bxf2+ 44. Kxf2 Re6 45. Ra1 Bd7 46. Ra7 Rd6 47. Nb6 Rxb6 48. Rxd7+ 1/2-1/2

[Event "Sofia MGU op 207th"]
[White "Ivanov, Daniel"]
[Black "Kolev, Nikola"]
[Site "Sofia"]
[Round "6"]
[Result "0-1"]
[Date "2018.02.25"]
[WhiteElo "1758"]
[BlackElo "1931"]
[PlyCount "58"]
[EventDate "2018.02.24"]
[EventType "swiss"]
[EventRounds "6"]
[EventCountry "BUL"]
[SourceTitle "CBM 183 Extra"]
[Source "ChessBase"]
[SourceDate "2018.04.19"]
[SourceVersion "1"]
[SourceVersionDate "2018.04.19"]
[SourceQuality "1"]

1. e4 c5 2. Nf3 g6 3. d3 Bg7 4. Be2 Nf6 5. Nc3 d5 6. exd5 Nxd5 7. Bd2 Nc6 8. Rb1 Nxc3 9. Bxc3 Bxc3+ 10. bxc3 Qa5 11. Qd2 Qxa2 12. 0-0 0-0 13. Qh6 f6 14. c4 Qxc2 15. Rfe1 b6 16. Rbc1 Qb2 17. d4 cxd4 18. Bd3 Bf5 19. Bxf5 gxf5 20. Nh4 Ne5 21. Nxf5 Rf7 22. Qh3 Kh8 23. f4 Ng6 24. Qf3 Rd8 25. g3 d3 26. Rcd1 d2 27. Re2 e5 28. Qe3 Rfd7 29. c5 Qc2 0-1

[Event "Sofia MGU op 205th"]
[White "Kolev, Nikola"]
[Black "Metev, Martin"]
[Site "Sofia"]
[Round "4"]
[Result "0-1"]
[Date "2018.02.04"]
[WhiteElo "1931"]
[BlackElo "1892"]
[PlyCount "72"]
[EventDate "2018.02.03"]
[EventType "swiss"]
[EventRounds "6"]
[EventCountry "BUL"]
[SourceTitle "CBM 182 Extra"]
[Source "ChessBase"]
[SourceDate "2018.02.23"]
[SourceVersion "1"]
[SourceVersionDate "2018.02.23"]
[SourceQuality "1"]

1. Nf3 e6 2. d4 Nf6 3. Bf4 d5 4. e3 Nbd7 5. Bd3 Be7 6. 0-0 Nh5 7. Nbd2 Nxf4 8. exf4 0-0 9. Re1 b6 10. Ne5 Bb7 11. c3 c5 12. Re3 g6 13. Qg4 Nf6 14. Qg3 Nh5 15. Qf3 cxd4 16. cxd4 Rc8 17. f5 Bg5 18. g4 Bxe3 19. Qxe3 Ng7 20. fxg6 fxg6 21. Qh6 Qf6 22. Ndf3 Ne8 23. Ng5 Rc7 24. Kh1 Qg7 25. Qh4 Bc8 26. f4 Rxf4 27. Qg3 Rf8 28. Bb5 Nd6 29. Nd7 Rxd7 30. Nxe6 Ne4 31. Qb3 Qf7 32. Nxf8 Rd8 33. Rf1 Nf2+ 34. Kg2 Rxf8 35. Qe3 Nxg4 36. Qg3 Bf5 0-1

[Event "Sofia MGU op 189th"]
[White "Babatov, Martin"]
[Black "Kolev, Nikola"]
[Site "Sofia"]
[Round "4"]
[Result "0-1"]
[Date "2017.09.10"]
[WhiteElo "1737"]
[BlackElo "1909"]
[PlyCount "55"]
[EventDate "2017.09.09"]
[EventType "swiss"]
[EventRounds "6"]
[EventCountry "BUL"]
[SourceTitle "CBM 180 Extra"]
[Source "ChessBase"]
[SourceDate "2017.10.06"]
[SourceVersion "1"]
[SourceVersionDate "2017.10.06"]
[SourceQuality "1"]

1. d4 f5 2. Nf3 Nf6 3. g3 b6 4. Bg2 Bb7 5. 0-0 e6 6. Bg5 h6 7. Bxf6 Qxf6 8. c4 Nc6 9. Nc3 0-0-0 10. a3 g5 11. b4 g4 12. Ne5 Nxe5 13. Bxb7+ Kxb7 14. dxe5 Qxe5 15. Qb3 Bg7 16. Rfc1 h5 17. a4 h4 18. a5 hxg3 19. hxg3 f4 20. axb6 axb6 21. Nb5 Qe4 22. Ra7+ Kb8 23. f3 Bd4+ 24. Nxd4 Qxd4+ 25. e3 fxe3 26. Rca1 e2+ 27. Kg2 e1N+ 28. Rxe1 0-1

[Event "Sofia MGU op 188th"]
[White "Kolev, Nikola"]
[Black "Vassilev, Martin"]
[Site "Sofia"]
[Round "5"]
[Result "1/2-1/2"]
[Date "2017.07.16"]
[WhiteElo "1913"]
[BlackElo "2040"]
[PlyCount "81"]
[EventDate "2017.07.15"]
[EventType "swiss"]
[EventRounds "6"]
[EventCountry "BUL"]
[SourceTitle "CBM 179 Extra"]
[Source "ChessBase"]
[SourceDate "2017.08.23"]
[SourceVersion "1"]
[SourceVersionDate "2017.08.23"]
[SourceQuality "1"]

1. Nf3 Nf6 2. c4 g6 3. Nc3 d5 4. cxd5 Nxd5 5. g3 Bg7 6. Bg2 Nxc3 7. bxc3 0-0 8. Rb1 c5 9. 0-0 Nd7 10. c4 Qc7 11. Bb2 Rb8 12. Bxg7 Kxg7 13. d3 a6 14. Qa4 Nf6 15. Rb2 b5 16. Qc2 b4 17. Rfb1 Bd7 18. Qc1 a5 19. Qe3 e6 20. Ne5 Rfc8 21. g4 Ne8 22. g5 f6 23. Ng4 fxg5 24. Qxg5 Qd8 25. Qe5+ Nf6 26. d4 h5 27. Ne3 cxd4 28. Qxd4 Qc7 29. Rc1 e5 30. Qh4 Qc5 31. Rd2 Be6 32. Bh3 Bxh3 33. Qxh3 a4 34. Qg3 Kh6 35. Nd5 Ne4 36. Qd3 Qxf2+ 37. Kh1 Nxd2 38. Ne7 Rg8 39. Nxg8+ Rxg8 40. Qxd2+ Kh7 41. c5 1/2-1/2

[Event "Sofia MGU op 188th"]
[White "Kolev, Nikola"]
[Black "Stoyanov, Plamen"]
[Site "Sofia"]
[Round "3"]
[Result "1-0"]
[Date "2017.07.15"]
[WhiteElo "1913"]
[BlackElo "1427"]
[PlyCount "99"]
[EventDate "2017.07.15"]
[EventType "swiss"]
[EventRounds "6"]
[EventCountry "BUL"]
[SourceTitle "CBM 179 Extra"]
[Source "ChessBase"]
[SourceDate "2017.08.23"]
[SourceVersion "1"]
[SourceVersionDate "2017.08.23"]
[SourceQuality "1"]

1. c4 Nf6 2. Nc3 g6 3. e4 d6 4. d4 Bg7 5. Nf3 0-0 6. h3 c5 7. d5 e6 8. dxe6 fxe6 9. Bf4 e5 10. Bg5 Nc6 11. Qd2 Nd4 12. Be2 Be6 13. b3 Qa5 14. Rd1 a6 15. 0-0 b5 16. Bxf6 Bxf6 17. cxb5 axb5 18. Nxd4 exd4 19. Nxb5 Qb6 20. Qc2 Be5 21. Bc4 Bxc4 22. Qxc4+ Kg7 23. a4 Qb8 24. Rd3 Rf4 25. Qd5 Qg8 26. Nc7 Qxd5 27. exd5 Rb8 28. Ne6+ Kf6 29. Nxf4 Bxf4 30. g3 Bh6 31. Re1 Bf8 32. Rf3+ Kg7 33. Re4 Rb7 34. Ref4 Be7 35. Rf7+ Kg8 36. h4 Rd7 37. Kf1 Rb7 38. Ke2 Rd7 39. Kd3 Rb7 40. Ke4 Rc7 41. Kd3 Rb7 42. Kc2 Ra7 43. Kb2 Rb7 44. Ka3 d3 45. R7f4 Kg7 46. Rxd3 Bf6 47. Re4 Bd4 48. Rdxd4 cxd4 49. Rxd4 Rf7 50. f4 1-0

[Event "Sofia MGU op 188th"]
[White "Nikolov, Petko"]
[Black "Kolev, Nikola"]
[Site "Sofia"]
[Round "2"]
[Result "1-0"]
[Date "2017.07.15"]
[WhiteElo "1867"]
[BlackElo "1913"]
[PlyCount "105"]
[EventDate "2017.07.15"]
[EventType "swiss"]
[EventRounds "6"]
[EventCountry "BUL"]
[SourceTitle "CBM 179 Extra"]
[Source "ChessBase"]
[SourceDate "2017.08.23"]
[SourceVersion "1"]
[SourceVersionDate "2017.08.23"]
[SourceQuality "1"]

1. d4 e6 2. e4 d5 3. exd5 exd5 4. Bd3 Nf6 5. Bg5 Be7 6. Ne2 0-0 7. Nbc3 c6 8. 0-0 Bg4 9. f3 Be6 10. Kh1 Qc8 11. Ng3 h6 12. Bf4 Re8 13. Nce2 Nbd7 14. c3 Nf8 15. Qc2 Qd8 16. Rae1 Bd6 17. Nf5 Bxf5 18. Bxf5 Qc7 19. Bxd6 Qxd6 20. Ng3 g6 21. Bd3 Kg7 22. Qf2 Re6 23. f4 Rae8 24. Re2 Rxe2 25. Bxe2 N8d7 26. f5 g5 27. Bf3 g4 28. Bd1 h5 29. Qd2 Kh7 30. Qg5 Rg8 31. Qh4 Kh6 32. Ne2 Ne4 33. Bc2 Qf6 34. Qe1 Re8 35. Bxe4 Rxe4 36. Qf2 h4 37. Nf4 Qg5 38. g3 h3 39. Qd2 Nf6 40. Qd3 Kh7 41. Kg1 Qg8 42. Qd1 Qe8 43. Nd3 Re2 44. Ne5 Rxb2 45. Rf2 Rb6 46. Rc2 Qg8 47. Qc1 Ne4 48. Kf1 Qc8 49. Qf4 Rb1+ 50. Ke2 Rh1 51. Qxg4 Rxh2+ 52. Kf3 Rxc2 53. Qh5+ 1-0

[Event "Sofia MGU op 184th"]
[White "Andreev, Dobrotich"]
[Black "Kolev, Nikola"]
[Site "Sofia"]
[Round "5"]
[Result "0-1"]
[Date "2017.04.02"]
[WhiteElo "1986"]
[BlackElo "1875"]
[PlyCount "66"]
[EventDate "2017.04.01"]
[EventType "swiss"]
[EventRounds "6"]
[EventCountry "BUL"]
[SourceTitle "CBM 177 Extra"]
[Source "ChessBase"]
[SourceDate "2017.04.27"]
[SourceVersion "1"]
[SourceVersionDate "2017.04.27"]
[SourceQuality "1"]

1. e4 c5 2. Nf3 g6 3. d4 cxd4 4. Qxd4 Nf6 5. Bb5 a6 6. e5 axb5 7. exf6 e6 8. 0-0 Nc6 9. Qf4 Ra4 10. Qg5 b4 11. b3 Ra5 12. Qh4 Rh5 13. Qf4 Bh6 14. Qc4 Qxf6 15. Bxh6 Rxh6 16. Nbd2 d5 17. Qc5 g5 18. Rfe1 Kd7 19. Rad1 g4 20. Ne4 Qe7 21. Rxd5+ exd5 22. Qxd5+ Kc7 23. Neg5 Be6 24. Qd2 gxf3 25. Ne4 Rh4 26. g3 Rd8 27. Qe3 Rxe4 28. Qxe4 Qf6 29. Qxh7 Bf5 30. Qh5 Bg6 31. Qh6 Rh8 32. Qe3 Qf5 33. h4 Rxh4 0-1

[Event "Sofia MGU op 184th"]
[White "Kolev, Nikola"]
[Black "Hristov, Hristo Mitov"]
[Site "Sofia"]
[Round "6"]
[Result "0-1"]
[Date "2017.04.02"]
[WhiteElo "1875"]
[BlackElo "2134"]
[PlyCount "94"]
[EventDate "2017.04.01"]
[EventType "swiss"]
[EventRounds "6"]
[EventCountry "BUL"]
[SourceTitle "CBM 177 Extra"]
[Source "ChessBase"]
[SourceDate "2017.04.27"]
[SourceVersion "1"]
[SourceVersionDate "2017.04.27"]
[SourceQuality "1"]

1. Nf3 g6 2. c4 Bg7 3. e4 d6 4. d4 Nf6 5. Nc3 0-0 6. h3 c6 7. Be3 a6 8. Qd2 b5 9. cxb5 cxb5 10. b4 Bb7 11. Bd3 Nc6 12. Rb1 Nd7 13. 0-0 Nb6 14. d5 Ne5 15. Nxe5 Bxe5 16. Rfc1 Rc8 17. Ne2 e6 18. Rxc8 Bxc8 19. Bh6 Re8 20. dxe6 Bxe6 21. Nf4 Bc4 22. Nd5 Nxd5 23. exd5 Bxd5 24. Bxb5 Bxa2 25. Bg5 Qa8 26. Qxa2 axb5 27. Qb3 Qe4 28. Rd1 Bf4 29. Bxf4 Qxf4 30. g3 Qf5 31. Rxd6 Qxh3 32. Qc3 h5 33. Rd5 h4 34. Rxb5 hxg3 35. fxg3 Kh7 36. Re5 Ra8 37. Re4 Ra1+ 38. Re1 Ra2 39. Qf3 Qh2+ 40. Kf1 Kg7 41. Qc3+ f6 42. Qf3 Qh3+ 43. Kg1 Qd7 44. Rd1 Qa7+ 45. Kh1 Rb2 46. Qc3 Qb7+ 47. Kg1 Qg2# 0-1

[Event "Sofia MGU op 184th"]
[White "Kolev, Nikola"]
[Black "Tzonev, Kirjl"]
[Site "Sofia"]
[Round "3"]
[Result "1/2-1/2"]
[Date "2017.04.01"]
[WhiteElo "1875"]
[BlackElo "1892"]
[PlyCount "89"]
[EventDate "2017.04.01"]
[EventType "swiss"]
[EventRounds "6"]
[EventCountry "BUL"]
[SourceTitle "CBM 177 Extra"]
[Source "ChessBase"]
[SourceDate "2017.04.27"]
[SourceVersion "1"]
[SourceVersionDate "2017.04.27"]
[SourceQuality "1"]

1. Nf3 d6 2. d4 Bg4 3. e4 Nd7 4. c4 e5 5. Be2 Ngf6 6. Nc3 Be7 7. Be3 0-0 8. 0-0 c6 9. Rb1 Ne8 10. h3 Bxf3 11. Bxf3 Bg5 12. Re1 Bxe3 13. Rxe3 Nc7 14. Bg4 Ne6 15. Ne2 Qe7 16. d5 cxd5 17. cxd5 Nec5 18. b4 Na6 19. Rc3 g6 20. Ng3 Rac8 21. Rbc1 Rxc3 22. Rxc3 Nb6 23. a3 Qg5 24. Qc1 Qxc1+ 25. Rxc1 h5 26. Be2 Rc8 27. Rxc8+ Nxc8 28. Bxa6 bxa6 29. Nf1 Nb6 30. Ne3 Kf8 31. g4 hxg4 32. hxg4 Ke7 33. Kf1 Kf6 34. Ke2 Kg5 35. Kf3 Kf6 36. Kg3 Ke7 37. Kh4 Na4 38. Nc4 Nc3 39. f3 Nb5 40. Kg3 g5 41. Kf2 f6 42. Ke3 Kd7 43. Kd3 Nd4 44. Ke3 Nb5 45. Kd3 1/2-1/2

[Event "Sofia MGU op 183rd"]
[White "Kostov, Nikolai"]
[Black "Kolev, Nikola"]
[Site "Sofia"]
[Round "1"]
[Result "1-0"]
[Date "2017.03.04"]
[WhiteElo "1653"]
[BlackElo "1869"]
[PlyCount "67"]
[EventDate "2017.03.04"]
[EventType "swiss"]
[EventRounds "6"]
[EventCountry "BUL"]
[SourceTitle "CBM 177 Extra"]
[Source "ChessBase"]
[SourceDate "2017.04.27"]
[SourceVersion "1"]
[SourceVersionDate "2017.04.27"]
[SourceQuality "1"]

1. d4 Nf6 2. c4 g6 3. Nf3 Bg7 4. Nc3 d5 5. e3 0-0 6. cxd5 Nxd5 7. Qb3 e6 8. e4 Nxc3 9. Qxc3 Nc6 10. Be3 f5 11. e5 f4 12. Bd2 Bd7 13. h4 h6 14. 0-0-0 Ne7 15. Bc4 b5 16. Bb3 a5 17. Qd3 Qc8 18. Bc2 h5 19. Rhg1 b4 20. g3 fxg3 21. Rxg3 Be8 22. Rg5 Qb7 23. Rg3 Bc6 24. Ng5 Bd5 25. Bb3 a4 26. Bxd5 Qxd5 27. Kb1 b3 28. a3 Rxf2 29. Ne4 Rf5 30. Bg5 Kf7 31. Bxe7 Kxe7 32. Rxg6 Bh8 33. Ng5 Raf8 34. Rxe6+ 1-0

[Event "Sofia MGU op 165th"]
[White "Kolev, Nikola"]
[Black "Metev, Martin"]
[Site "Sofia"]
[Round "5"]
[Result "0-1"]
[Date "2016.03.13"]
[WhiteElo "1841"]
[BlackElo "2025"]
[PlyCount "100"]
[EventDate "2016.03.12"]
[EventType "swiss"]
[EventRounds "6"]
[EventCountry "BUL"]
[SourceTitle "CBM 171 Extra"]
[Source "ChessBase"]
[SourceDate "2016.04.26"]
[SourceVersion "1"]
[SourceVersionDate "2016.04.26"]
[SourceQuality "1"]

1. c4 e5 2. g3 Nf6 3. Bg2 d5 4. cxd5 Nxd5 5. Nc3 Be6 6. Nf3 Nc6 7. a3 Be7 8. 0-0 0-0 9. d3 f6 10. Qb3 Na5 11. Qa4 c6 12. Nd2 b5 13. Qc2 Rc8 14. b4 Nb7 15. Qb2 Qd7 16. Nde4 Kh8 17. Bd2 Bh3 18. Rfc1 Bxg2 19. Kxg2 h6 20. f3 f5 21. Nf2 Bf6 22. e4 Nb6 23. Be3 fxe4 24. Ncxe4 Nd5 25. Qe2 a5 26. Nxf6 Rxf6 27. Ng4 Re6 28. Bd2 axb4 29. axb4 Qe7 30. Ra7 Rb8 31. Qe4 Qe8 32. Ne3 Nd6 33. Qg4 Rg6 34. Qd7 Nf4+ 35. Kf1 Nxd3 36. Rxc6 Qf8 37. Ke2 e4 38. f4 Nxf4+ 39. gxf4 Qxf4 40. Qh3 Rf8 41. Ng4 e3 42. Bxe3 Qxb4 43. Nf2 Qb2+ 44. Kf1 Qb1+ 45. Ke2 Rxf2+ 46. Bxf2 Qe4+ 47. Qe3 Qxc6 48. Qd3 Re6+ 49. Be3 Qg2+ 50. Kd1 Qf3+ 0-1

[Event "Sofia MGU op 156th"]
[White "Kolev, Nikola"]
[Black "Mladenov, Andrey"]
[Site "Sofia"]
[Round "5"]
[Result "1-0"]
[Date "2015.11.29"]
[WhiteElo "1855"]
[BlackElo "1583"]
[PlyCount "69"]
[EventDate "2015.11.28"]
[EventType "swiss"]
[EventRounds "6"]
[EventCountry "BUL"]
[SourceTitle "CBM 169 Extra"]
[Source "ChessBase"]
[SourceDate "2015.12.18"]
[SourceVersion "1"]
[SourceVersionDate "2015.12.18"]
[SourceQuality "1"]

1. Nf3 Nf6 2. c4 d6 3. d4 g6 4. Nc3 Bg7 5. e4 0-0 6. h3 c6 7. Bd3 Nbd7 8. 0-0 e5 9. d5 cxd5 10. cxd5 a6 11. Be3 Ne8 12. Qc2 Qc7 13. Rac1 Nb6 14. Qb3 Nd7 15. Na4 Qd8 16. Nb6 Nxb6 17. Bxb6 Qe7 18. a4 f5 19. Nd2 f4 20. Be2 g5 21. Bg4 Bxg4 22. hxg4 Qf7 23. Qf3 Qd7 24. a5 Rf6 25. Qe2 h5 26. gxh5 g4 27. f3 g3 28. Rc3 Rh6 29. Rfc1 Rxh5 30. Nb3 Qe7 31. Rc8 Rh1+ 32. Kxh1 Qh4+ 33. Kg1 Qh2+ 34. Kf1 Qh1+ 35. Bg1 1-0

[Event "Sofia MGU op 131st"]
[White "Kolev, Nikola"]
[Black "Stoyanov, Georgi"]
[Site "Sofia"]
[Round "2"]
[Result "1/2-1/2"]
[Date "2015.01.10"]
[WhiteElo "1776"]
[BlackElo "1589"]
[PlyCount "72"]
[EventDate "2015.01.10"]
[EventType "swiss"]
[EventRounds "6"]
[EventCountry "BUL"]
[SourceTitle "CBM 164 Extra"]
[Source "ChessBase"]
[SourceDate "2015.03.02"]
[SourceVersion "1"]
[SourceVersionDate "2015.03.02"]
[SourceQuality "1"]

1. c4 e5 2. Nc3 Nf6 3. Nf3 Nc6 4. d4 exd4 5. Nxd4 Ne5 6. e4 d6 7. Be2 Be7 8. f4 Ned7 9. Bf3 Nc5 10. b4 Ncd7 11. Nf5 Nb6 12. Nxe7 Qxe7 13. Qe2 Be6 14. Nd5 Nbxd5 15. cxd5 Bd7 16. Bb2 a6 17. a4 0-0 18. 0-0 Rfe8 19. Rfe1 c6 20. Qd2 cxd5 21. exd5 Qd8 22. a5 Rc8 23. Rec1 Bf5 24. Rxc8 Qxc8 25. Rc1 Qd7 26. Bd4 Rc8 27. Bb6 Kf8 28. h3 Be4 29. Kf2 Bxf3 30. Kxf3 Rxc1 31. Qxc1 Nxd5 32. Qc2 Nxb6 33. axb6 g6 34. Qe4 d5 35. Qe5 h5 36. Qb8+ Ke7 1/2-1/2

[Event "Sofia MGU op 130th"]
[White "Orev, Petar"]
[Black "Kolev, Nikola"]
[Site "Sofia"]
[Round "1"]
[Result "1-0"]
[Date "2015.01.03"]
[WhiteElo "2103"]
[BlackElo "1776"]
[PlyCount "63"]
[EventDate "2015.01.03"]
[EventType "swiss"]
[EventRounds "6"]
[EventCountry "BUL"]
[SourceTitle "CBM 164 Extra"]
[Source "ChessBase"]
[SourceDate "2015.03.02"]
[SourceVersion "1"]
[SourceVersionDate "2015.03.02"]
[SourceQuality "1"]

1. c4 c5 2. Nc3 Nc6 3. a3 Nf6 4. Rb1 d5 5. cxd5 Nxd5 6. e4 Nc7 7. b4 cxb4 8. axb4 e5 9. b5 Nd4 10. Nf3 Bg4 11. Be2 Bxf3 12. Bxf3 b6 13. 0-0 Bc5 14. Be2 0-0 15. Bc4 Qd7 16. d3 Kh8 17. Be3 Nde6 18. Qg4 Rfd8 19. Nd5 Rac8 20. g3 Nxd5 21. exd5 Nc7 22. Qxd7 Rxd7 23. Bxc5 bxc5 24. f4 Nxd5 25. fxe5 Kg8 26. Ra1 Ne3 27. e6 Re7 28. Rxf7 Rxf7 29. exf7+ Kf8 30. Rxa7 Nf5 31. b6 Nd6 32. Rd7 1-0

[Event "Sofia MGU op 129th"]
[White "Metev, Martin"]
[Black "Kolev, Nikola"]
[Site "Sofia"]
[Round "4"]
[Result "1-0"]
[Date "2014.12.14"]
[WhiteElo "2009"]
[BlackElo "1682"]
[PlyCount "61"]
[EventDate "2014.12.13"]
[EventType "swiss"]
[EventRounds "6"]
[EventCountry "BUL"]
[SourceTitle "CBM 163 Extra"]
[Source "ChessBase"]
[SourceDate "2014.12.23"]
[SourceVersion "1"]
[SourceVersionDate "2014.12.23"]
[SourceQuality "1"]

1. e4 c5 2. Nf3 g6 3. d4 cxd4 4. Nxd4 Bg7 5. Nc3 Nc6 6. Be3 Qa5 7. Qd2 Nf6 8. Nb3 Qc7 9. f3 a6 10. Be2 d6 11. g4 Be6 12. 0-0-0 b5 13. Bh6 0-0 14. Bxg7 Kxg7 15. h4 Ne5 16. h5 Ng8 17. hxg6 fxg6 18. Nd4 Qd7 19. Nd5 Bxd5 20. exd5 Rf7 21. f4 Nc4 22. Qc3 Nf6 23. Bxc4 bxc4 24. Ne6+ Kg8 25. f5 g5 26. Qxc4 Qb5 27. Qc6 Rb8 28. Qxb5 Rxb5 29. c4 Rb4 30. Rd4 Nd7 31. Nxg5 1-0

[Event "Sofia MGU op 123rd"]
[White "Kolev, Nikola"]
[Black "Hristov, Hristo Mitov"]
[Site "Sofia"]
[Round "6"]
[Result "1/2-1/2"]
[Date "2014.11.02"]
[WhiteElo "1682"]
[BlackElo "2011"]
[PlyCount "45"]
[EventDate "2014.11.01"]
[EventType "swiss"]
[EventRounds "6"]
[EventCountry "BUL"]
[SourceTitle "EXT 2015"]
[Source "ChessBase"]
[SourceDate "2014.11.20"]
[SourceVersion "1"]
[SourceVersionDate "2014.11.20"]
[SourceQuality "1"]

1. Nf3 d5 2. c4 d4 3. b4 e6 4. Bb2 c5 5. d3 b6 6. g3 Nd7 7. Bg2 Bb7 8. 0-0 Ngf6 9. Nbd2 Bd6 10. bxc5 bxc5 11. Rb1 Qc7 12. Ba3 Bc6 13. Nb3 0-0 14. Qd2 Rab8 15. Qa5 Qxa5 16. Nxa5 Bxf3 17. Bxf3 Rb6 18. Nb7 Be7 19. Rb3 Rc8 20. Rfb1 h6 21. Rb5 Ra6 22. R1b3 Rc7 23. Na5 1/2-1/2

[Event "Sofia MGU op 123rd"]
[White "Kolev, Nikola"]
[Black "Kostov, Nikolai"]
[Site "Sofia"]
[Round "5"]
[Result "1-0"]
[Date "2014.11.02"]
[WhiteElo "1682"]
[BlackElo "1908"]
[PlyCount "54"]
[EventDate "2014.11.01"]
[EventType "swiss"]
[EventRounds "6"]
[EventCountry "BUL"]
[SourceTitle "EXT 2015"]
[Source "ChessBase"]
[SourceDate "2014.11.20"]
[SourceVersion "1"]
[SourceVersionDate "2014.11.20"]
[SourceQuality "1"]

1. Nf3 Nf6 2. c4 e6 3. d4 b6 4. Nc3 Bb7 5. Bg5 h6 6. Bh4 Bb4 7. Qb3 Bxc3+ 8. bxc3 d6 9. Bxf6 Qxf6 10. d5 0-0 11. e3 Nd7 12. Rd1 Nc5 13. Qc2 e5 14. Bd3 Rfe8 15. e4 Qf4 16. 0-0 f5 17. Nd2 Ba6 18. Rde1 fxe4 19. Nxe4 Nxd3 20. Qxd3 Rad8 21. Re3 Rf8 22. Rfe1 Qf5 23. Rh3 Qf7 24. Ree3 c6 25. Ref3 Qg6 26. Rfg3 Qh7 27. Rh4 c5 1-0

[Event "Sofia MGU op 123rd"]
[White "Gelemerov, Yane"]
[Black "Kolev, Nikola"]
[Site "Sofia"]
[Round "2"]
[Result "1-0"]
[Date "2014.11.01"]
[WhiteElo "2102"]
[BlackElo "1682"]
[PlyCount "39"]
[EventDate "2014.11.01"]
[EventType "swiss"]
[EventRounds "6"]
[EventCountry "BUL"]
[SourceTitle "EXT 2015"]
[Source "ChessBase"]
[SourceDate "2014.11.20"]
[SourceVersion "1"]
[SourceVersionDate "2014.11.20"]
[SourceQuality "1"]

1. e4 c5 2. b4 cxb4 3. a3 e5 4. Nf3 Nc6 5. Bc4 Nf6 6. Ng5 d5 7. exd5 Nxd5 8. Nxf7 Kxf7 9. Qf3+ Ke6 10. 0-0 Bc5 11. axb4 Bxb4 12. Nc3 Bxc3 13. dxc3 Nce7 14. Re1 Rf8 15. Qe4 Qc7 16. Bg5 Rd8 17. Bxe7 Kxe7 18. Bxd5 Qxc3 19. Rad1 Be6 20. Rd3 1-0

[Event "Sofia MGU op 123rd"]
[White "Kolev, Nikola"]
[Black "Berberyan, Maruke"]
[Site "Sofia"]
[Round "1"]
[Result "1-0"]
[Date "2014.11.01"]
[WhiteElo "1682"]
[BlackElo "1525"]
[PlyCount "67"]
[EventDate "2014.11.01"]
[EventType "swiss"]
[EventRounds "6"]
[EventCountry "BUL"]
[SourceTitle "EXT 2015"]
[Source "ChessBase"]
[SourceDate "2014.11.20"]
[SourceVersion "1"]
[SourceVersionDate "2014.11.20"]
[SourceQuality "1"]

1. Nf3 d5 2. c4 c6 3. b3 Nf6 4. Bb2 g6 5. g3 Nbd7 6. Bg2 Bg7 7. 0-0 0-0 8. d4 Rb8 9. Nc3 dxc4 10. bxc4 Nb6 11. c5 Nbd5 12. Nxd5 cxd5 13. Qa4 a6 14. Ne5 e6 15. Bc3 Bd7 16. Qa3 Bb5 17. Ba5 Qc8 18. Qb2 Nd7 19. Nxd7 Qxd7 20. Rfc1 Rfc8 21. e3 Bc6 22. Bf1 Qe8 23. Rab1 e5 24. Re1 e4 25. Bg2 Qd7 26. f3 exf3 27. Bxf3 Re8 28. Qg2 f5 29. Bc3 Kh8 30. g4 Bh6 31. g5 Bg7 32. Rb6 Re6 33. Bd2 Rbe8 34. Qg3 1-0